000 00299nam a22001337a 4500
008 170207b xxu||||| |||| 00| 0 eng d
020 _a9780679412908
041 _aeng
080 _a61
100 _a3
101 _aSHM
245 _aAMERICAN MEDICAL ASSOCAITION
_cCHARLES CLAYMAN
942 _2udc
_cBK
999 _c4781
_d4781